Toma de decisiones en grupo (Registro nro. 2626)

Detalles MARC
000 -LEADER
fixed length control field 01056 a2200205 4500
001 - CONTROL NUMBER
control field 36259
005 - DATE AND TIME OF LATEST TRANSACTION
control field 20260407155638.0
008 - FIXED-LENGTH DATA ELEMENTS--GENERAL INFORMATION
fixed length control field 260407a1980 arg spa d
003 - CONTROL NUMBER IDENTIFIER
control field AR-UNSa-BCEJYS
040 ## - CATALOGING SOURCE
Original cataloging agency AR-UNSa-BCEJYS
Language of cataloging spa
Transcribing agency AR-UNSa-BCEJYS
080 ## - UNIVERSAL DECIMAL CLASSIFICATION NUMBER
Universal Decimal Classification number 316.45
Common auxiliary subdivision Procesos Grupales
020 ## - INTERNATIONAL STANDARD BOOK NUMBER
International Standard Book Number 968-24-0803-2
100 1# - MAIN ENTRY--PERSONAL NAME
Personal name Maier, Norman R.F.
245 10 - TITLE STATEMENT
Title Toma de decisiones en grupo
Name of part/section of a work técnicas de conducción de juntas para la solución de problemas en las organizaciones
264 #1 - PRODUCTION, PUBLICATION, DISTRIBUTION, MANUFACTURE, AND COPYRIGHT NOTICE
Place of production, publication, distribution, manufacture México :
Name of producer, publisher, distributor, manufacturer Trillas
Date of production, publication, distribution, manufacture, or copyright notice 1980
300 ## - PHYSICAL DESCRIPTION
Extent 243 p.
Dimensions 24 cm.
505 ## - FORMATTED CONTENTS NOTE
Formatted contents note 1. Mejoramiento de las decisiones dentro de una organización - 2. Conducción de conferencia - 3. Ubicación del problema - 4. Presentación del problema para su discusión en grupo - 5. Conducción de la discusión - 6. Obtención de la decisión - 7. Métodos de discusión para objetivos especiíficos - 8. Filtración de soluciones para el mejoramiento de la calidad - 9. Resumen de los pricipios de solución de problemas.
590 ## - LOCAL NOTE (RLIN)
Local note niveau_biblio:m niveau_hierar:0
942 ## - ADDED ENTRY ELEMENTS (KOHA)
Koha item type
Existencias
Withdrawn status Lost status Damaged status Not for loan Home library Current library Shelving location Date acquired Total checkouts Full call number Barcode Date last seen Price effective from Koha item type
        Biblioteca Prof. Eusebio Cleto del Rey Biblioteca Prof. Eusebio Cleto del Rey   07/04/2026   316.45 M217 L58032 07/04/2026 07/04/2026 Libro